[Event "Leverkusen-ch op 14th"]
[Site "Leverkusen"]
[Date "2002.03.18"]
[Round "6"]
[White "Knipp, Benjamin"]
[Black "Schoenborn, Hans Willi"]
[Result "1/2-1/2"]
[WhiteElo "1594"]
[BlackElo "1584"]
[PlyCount "101"]
[EventDate "2002.01.14"]
[EventType "swiss"]
[EventRounds "9"]
[EventCountry "GER"]
[SourceTitle "EXT 2004"]
[Source "ChessBase"]
[SourceDate "2003.11.25"]
[SourceVersion "1"]
[SourceVersionDate "2003.11.25"]
[SourceQuality "1"]

1. d4 e6 2. c4 d5 3. Nf3 c6 4. c5 b6 5. b4 a5 6. bxa5 bxc5 7. Bd2 Nf6 8. dxc5 Ne4 9. Bb4 Bxc5 10. Bxc5 Qxa5+ 11. Nbd2 Nxc5 12. e3 Qc3 13. Be2 Nd3+ 14. Kf1 Ba6 15. Rb1 Nb2 16. Qb3 Bxe2+ 17. Kxe2 Qxb3 18. axb3 Nc4 19. bxc4 0-0 20. Rb7 Na6 21. Ra1 Nc5 22. Rxa8 Rxa8 23. Rc7 dxc4 24. Rxc6 Nd7 25. Rxc4 Nb6 26. Rb4 Nd5 27. Rb7 f6 28. Nd4 e5 29. Nf5 Nc3+ 30. Kd3 Na4 31. Rxg7+ Kh8 32. Ne4 Rd8+ 33. Ned6 Rxd6+ 34. Nxd6 Kxg7 35. Ke4 Kg6 36. h4 Nc3+ 37. Kd3 Nd5 38. g3 Ne7 39. Ke4 Ng8 40. Nc4 Ne7 41. f3 Kg7 42. Nxe5 fxe5 43. Kxe5 Kg6 44. g4 h5 45. Ke6 Nc6 46. Kd6 hxg4 47. fxg4 Nd8 48. e4 Nf7+ 49. Ke7 Ne5 50. h5+ Kg5 51. Kd6 1/2-1/2

[Event "Leverkusen-ch op 14th"]
[Site "Leverkusen"]
[Date "2002.01.14"]
[Round "1"]
[White "Puetzkaul, Karl"]
[Black "Knipp, Benjamin"]
[Result "1-0"]
[WhiteElo "1815"]
[BlackElo "1594"]
[PlyCount "79"]
[EventDate "2002.01.14"]
[EventType "swiss"]
[EventRounds "9"]
[EventCountry "GER"]
[SourceTitle "EXT 2004"]
[Source "ChessBase"]
[SourceDate "2003.11.25"]
[SourceVersion "1"]
[SourceVersionDate "2003.11.25"]
[SourceQuality "1"]

1. e4 e6 2. d4 d5 3. Nc3 dxe4 4. Nxe4 Nd7 5. Nf3 Ngf6 6. Nxf6+ Nxf6 7. Bg5 Be7 8. Bd3 b6 9. c3 Bb7 10. Qe2 Qd5 11. 0-0 0-0 12. Rfe1 c5 13. c4 Qd6 14. d5 Rad8 15. Rad1 Ng4 16. Qe4 f5 17. Qxe6+ Qxe6 18. Rxe6 Bxg5 19. Nxg5 Rd7 20. h3 Nh6 21. Rde1 Nf7 22. Nxf7 Rdxf7 23. Re7 g6 24. f4 Kg7 25. Kf2 Rd8 26. R1e5 b5 27. b3 b4 28. Ke3 Rd6 29. R5e6 Rd7 30. Rxd7 Rxd7 31. g4 fxg4 32. hxg4 Kf7 33. g5 Rc7 34. f5 gxf5 35. Kf4 Bc8 36. Rf6+ Kg7 37. Bxf5 Bxf5 38. Kxf5 Re7 39. Rc6 Re2 40. Rc7+ 1-0